Prioritným cieľom je rast ekonomiky široký záber dôsledkov nezamestnanosti a inflácie na slovenské obyvateľstvo

Možnosť neutralizácie účinkov inflácie prostredníctvom indexovania. Postup použitia indexov. Význam stability meny pre národné hospodárstvo. Regulácia výmenných relácií medzi krajinami.

Saved in:
Bibliographic Details
Main Author: Mokrý, Vladimír
Format: Book Chapter
Language:Slovak
Subjects:
Tags: Add Tag
No Tags, Be the first to tag this record!

MARC

LEADER 00000naa a2200000 4500
001 r038451
005 20251031120852.3
041 0 |a slo 
044 |a SK 
245 1 0 |a Prioritným cieľom je rast ekonomiky  |b široký záber dôsledkov nezamestnanosti a inflácie na slovenské obyvateľstvo  |c Vladimír Mokrý 
520 |a Možnosť neutralizácie účinkov inflácie prostredníctvom indexovania. Postup použitia indexov. Význam stability meny pre národné hospodárstvo. Regulácia výmenných relácií medzi krajinami. 
610 2 0 |a hospodárstvo národné 
610 2 0 |a rast hospodársky 
610 2 0 |a indexy 
610 2 0 |a inflácia 
610 2 0 |a miera inflácie 
610 2 0 |a stabilita meny 
610 2 0 |a relácie výmenné 
610 2 0 |a index relácií výmenných 
610 2 0 |a vývoz 
610 2 0 |a Slovensko 
100 1 |a Mokrý, Vladimír